| 000 | 00839nam a22002175i 4500 | ||
|---|---|---|---|
| 001 | 160786 | ||
| 003 | ES-MaACL | ||
| 005 | 20250801180749.0 | ||
| 008 | 000209s1858 fr |||| | fre d | ||
| 040 |
_aCCPB | B _bspa _cCCPB | B |
||
| 080 | _a821.133.1-34"13"(082.2) | ||
| 245 | 0 | 0 |
_aNouvelles françoises en prose du XIVe. siecle _b: publiées d'apres les manuscrits / _cavec une introduction et des notes par L. Moland et C. d'Hericault. |
| 260 |
_aParis : _bP. Jannet, _c1858 ( _fGuiraudet et Jouaust) |
||
| 300 |
_aCXXXIX, 304 p. ; _c17 cm. |
||
| 490 | 1 |
_aBibliothèque elzevirienne ; _v59 |
|
| 700 | 0 |
_aMoland, Louis. _981839 |
|
| 700 | 1 |
_aHéricault, Charles de Ricault d', _d1823-1899 _9154452 |
|
| 830 | 0 |
_aBibliothèque elzevirienne ; _v59 _9180979 |
|
| 852 |
_aES-MaACL _jG-2379 _z-- Enc. tela |
||
| 999 |
_c160786 _d160786 |
||